000 00538nam a2200193Ia 4500
008 101110s9999 xx 000 0 und d
041 _aENGLISH
082 _bSR24042
100 _aChopde L. N., Choudhari D. H., etc
245 _aIntroduction to management accounting (TYBCOM)
365 _b150
520 _aCommerce
546 _aENGLISH
630 _aIntroduction to management accounting (TYBCOM)
650 _aCommerce
655 _aCommerce
730 _aIntroduction to management accounting (TYBCOM)
942 _cBOOK
999 _c816717
_d816714